Galois theory /
Guardado en:
| Autor Principal: | |
|---|---|
| Formato: | Libro |
| Idioma: | English |
| Publicado: |
New York :
Springer-Verlag,
c1990.
|
| Series: | Universitext
|
| Materias: | |
| Etiquetas: |
Agregar Etiqueta
Sin Etiquetas, Sea el primero en etiquetar este registro!
|
| LEADER | 00701pam a2200229 a 4500 | ||
|---|---|---|---|
| 001 | MAT.inmabb003614 | ||
| 008 | 900402s1990####nyua#####b####001#0#eng## | ||
| 005 | 20130226180519.0 | ||
| 245 | 1 | 0 | |a Galois theory / |c Joseph Rotman. |
| 260 | |a New York : |b Springer-Verlag, |c c1990. | ||
| 300 | |a xii, 108 p. : |b il. ; |c 24 cm. | ||
| 440 | 0 | |a Universitext | |
| 504 | |a Incluye referencias bibliográficas (p. [103]) e índice. | ||
| 510 | 4 | |a MR, |c 91j:12009 | |
| 020 | |a 0387973052 | ||
| 020 | |a 3540973052 (Berlin) | ||
| 100 | 1 | |a Rotman, Joseph J., |d 1934- | |
| 650 | 0 | |a Galois theory. | |
| 084 | |a 12F10 (12-01) |2 msc2000 | ||
| 010 | |a 90009740 | ||
| 040 | |a DLC |c DLC |d DLC | ||
| 859 | |h 12 |i R848 |p A-6507 |b BIB. MATEMATICA | ||
